00533nam a2200181Ia 450000500170000000800410001702000260005804000190008404100120010308200160011510000210013124500690015226000520022130000140027365000320028770000220031985000100034120231206092000.0140110s9999 xx 000 0 und d a9788120332829cRs 395 aLoreto College aEnglish a327.06bBAN aBanerjee, Ajit M aReinventing the United NationscAjit M Banerjee, Murari R Sharma aNew DelhibPrentice-Hall of India Pvt Ltdc2007 axvi,388p  aUnited Nations Organization aSharma, Murari R. aLCLIB